[Event "Arab-ch"]
[Site "Dubai"]
[Date "2021.11.27"]
[Round "3"]
[White "Muhsen, Abdulla Mohmmed"]
[Black "Salim, Mohammed Salim Al"]
[Result "1-0"]
[WhiteElo "2200"]
[BlackElo "1909"]
[PlyCount "51"]
[EventDate "2021.11.26"]
[EventType "swiss"]
[EventRounds "9"]
[EventCountry "UAE"]
[SourceTitle "CBM 205 Extra"]
[Source "ChessBase"]
[SourceDate "2022.01.31"]
[SourceVersion "1"]
[SourceVersionDate "2022.01.31"]
[SourceQuality "1"]

1. e4 e6 2. d4 d5 3. Bd3 dxe4 4. Bxe4 Nf6 5. Bf3 c5 6. Ne2 cxd4 7. Qxd4 Qxd4 8. Nxd4 a6 9. 0-0 Bc5 10. Nb3 Bd6 11. Na5 Nd5 12. Rd1 Bc7 13. Nxb7 Bxb7 14. c4 Nc6 15. cxd5 Nb4 16. Nc3 0-0-0 17. Bd2 Nxd5 18. Ne4 Nf4 19. Rac1 Nd3 20. Ba5 Nxc1 21. Rxc1 Rd7 22. Nd6+ Kb8 23. Nxb7 Bf4 24. Rc4 Rc8 25. Nc5 Rc6 26. Nxd7+ 1-0

[Event "Pardubice Czech op-A 30th"]
[Site "Pardubice"]
[Date "2019.07.21"]
[Round "3"]
[White "Muhsen, Abdulla Mohmmed"]
[Black "Mosesov, Danylo"]
[Result "1-0"]
[WhiteElo "2200"]
[BlackElo "2353"]
[PlyCount "105"]
[EventDate "2019.07.19"]
[EventType "swiss"]
[EventRounds "9"]
[EventCountry "CZE"]
[SourceTitle "CBM 191"]
[Source "ChessBase"]
[SourceDate "2019.08.31"]
[SourceVersion "1"]
[SourceVersionDate "2019.08.31"]
[SourceQuality "1"]

1. d4 Nf6 2. c4 e6 3. Nf3 a6 4. g3 b5 5. c5 d6 6. cxd6 cxd6 7. Bg2 Bb7 8. 0-0 Be7 9. Nc3 0-0 10. Re1 Nbd7 11. Qb3 d5 12. Bg5 Rc8 13. Rac1 h6 14. Bf4 Nb6 15. h3 Nc4 16. g4 Bd6 17. e3 g5 18. Bxd6 Qxd6 19. a3 Rc7 20. Re2 Rfc8 21. Rec2 Kg7 22. Ne1 Nd7 23. Nd3 Na5 24. Qb4 Qxb4 25. axb4 Nb3 26. Rd1 a5 27. Bf1 axb4 28. Nxb4 Nb6 29. Bxb5 Ra8 30. Bd3 Ra5 31. Nca2 Na8 32. Rxc7 Nxc7 33. Bc2 Na6 34. Nxa6 Rxa2 35. Bxb3 Rxa6 36. Rb1 Bc6 37. Kf1 h5 38. gxh5 Kh6 39. Bd1 Bb5+ 40. Ke1 Rb6 41. Kd2 f5 42. Ra1 Bf1 43. Rb1 Bxh3 44. Be2 f4 45. b4 Bf5 46. Rb2 fxe3+ 47. Kxe3 g4 48. b5 Kxh5 49. Kf4 Kh4 50. Rb3 Bc2 51. Rc3 Ba4 52. Bxg4 e5+ 53. dxe5 1-0

[Event "Olympiad-43"]
[Site "Batumi"]
[Date "2018.10.03"]
[Round "9.4"]
[White "Almiron, Antonio"]
[Black "Muhsen, Abdulla Mohmmed"]
[Result "1/2-1/2"]
[WhiteElo "2358"]
[BlackElo "2220"]
[PlyCount "114"]
[EventDate "2018.09.24"]
[EventType "team-swiss"]
[EventRounds "11"]
[EventCountry "GEO"]
[SourceTitle "CBM 187"]
[Source "ChessBase"]
[SourceDate "2018.12.11"]
[SourceVersion "1"]
[SourceVersionDate "2018.12.11"]
[SourceQuality "1"]
[WhiteTeam "Paraguay"]
[BlackTeam "Iraq"]
[WhiteTeamCountry "PAR"]
[BlackTeamCountry "IRQ"]

1. d4 Nf6 2. c4 e6 3. Nf3 d5 4. g3 dxc4 5. Bg2 a6 6. 0-0 Nc6 7. e3 Nd5 8. Qe2 Nb6 9. Nbd2 Bd7 10. Nxc4 Nxc4 11. Qxc4 Bd6 12. b3 0-0 13. Bb2 Nb4 14. Rfd1 Bc6 15. a3 Bb5 16. Qc3 Nd5 17. Qc2 Rc8 18. e4 Nb6 19. Qc3 f6 20. a4 Bc6 21. a5 Nd7 22. d5 exd5 23. exd5 Bb5 24. Nd4 Be5 25. f4 Bxd4+ 26. Qxd4 Re8 27. Re1 Rxe1+ 28. Rxe1 Qf8 29. b4 Re8 30. Re6 Qf7 31. g4 Nf8 32. Re4 Ng6 33. Kf2 Rxe4 34. Qxe4 Qe7 35. Ke3 Kf7 36. Qe6+ Kf8 37. Bc3 Bd7 38. Qxe7+ Nxe7 39. d6 cxd6 40. Bxb7 Bb5 41. Be4 Ke8 42. Bxh7 Nd5+ 43. Kd4 Nxf4 44. Bd2 Ne6+ 45. Ke3 Nc7 46. Be4 Ke7 47. h4 Bd7 48. Kf3 Kf7 49. h5 Ke7 50. Be3 Bb5 51. Bb6 Ne6 52. Bd5 Ng5+ 53. Ke3 Nf7 54. Kf4 Be2 55. Be4 Bb5 56. Bd4 Ng5 57. Bd5 Ne6+ 1/2-1/2

[Event "Olympiad-43"]
[Site "Batumi"]
[Date "2018.10.02"]
[Round "8.4"]
[White "Muhsen, Abdulla Mohmmed"]
[Black "Kantans, Toms"]
[Result "0-1"]
[WhiteElo "2220"]
[BlackElo "2509"]
[PlyCount "86"]
[EventDate "2018.09.24"]
[EventType "team-swiss"]
[EventRounds "11"]
[EventCountry "GEO"]
[SourceTitle "CBM 187"]
[Source "ChessBase"]
[SourceDate "2018.12.11"]
[SourceVersion "1"]
[SourceVersionDate "2018.12.11"]
[SourceQuality "1"]
[WhiteTeam "Iraq"]
[BlackTeam "Latvia"]
[WhiteTeamCountry "IRQ"]
[BlackTeamCountry "LAT"]

1. d4 Nf6 2. Nf3 g6 3. c4 Bg7 4. e3 0-0 5. Be2 c5 6. 0-0 cxd4 7. Nxd4 Nc6 8. Nc3 b6 9. Bf3 Bb7 10. b3 Qc8 11. Ba3 Re8 12. Re1 Ne5 13. Bxb7 Qxb7 14. f4 Nc6 15. Rc1 Rad8 16. Bb2 e6 17. Qf3 d5 18. Nxc6 Qxc6 19. Red1 Qb7 20. Rc2 Qe7 21. cxd5 exd5 22. Rcd2 Rc8 23. Rd3 Qe6 24. Nb5 Rc5 25. f5 Qc6 26. a4 a6 27. Nd4 Qc8 28. g4 Ne4 29. Ba3 Rc3 30. Bb2 Rxd3 31. Rxd3 Be5 32. Rd1 Qc7 33. Qg2 Nc3 34. Rf1 Bxd4 35. exd4 Re2 36. Rf2 Rxf2 37. Qxf2 Ne4 38. Qg2 Qf4 39. h3 Qe3+ 40. Kh2 Ng5 41. Qxd5 Nf3+ 42. Kg3 Qe1+ 43. Kf4 g5+ 0-1

[Event "Pardubice Czech op-A 29th"]
[Site "Pardubice"]
[Date "2018.07.27"]
[Round "8"]
[White "Machlik, Endre"]
[Black "Muhsen, Abdulla Mohmmed"]
[Result "1/2-1/2"]
[WhiteElo "2083"]
[BlackElo "2222"]
[PlyCount "121"]
[EventDate "2018.07.20"]
[EventType "swiss"]
[EventRounds "9"]
[EventCountry "CZE"]
[SourceTitle "CBM 185 Extra"]
[Source "ChessBase"]
[SourceDate "2018.07.29"]
[SourceVersion "1"]
[SourceVersionDate "2018.07.29"]
[SourceQuality "1"]

1. d4 d5 2. c4 e6 3. Nc3 c5 4. cxd5 exd5 5. Nf3 Nc6 6. g3 Nf6 7. Bg2 Be7 8. 0-0 cxd4 9. Nxd4 0-0 10. Be3 Be6 11. Nxc6 bxc6 12. Na4 Qa5 13. Rc1 Rac8 14. Nc5 Bg4 15. a4 Nd7 16. b4 Qxb4 17. Rb1 Qc4 18. Nxd7 Bxd7 19. Rb7 Rfd8 20. Bxa7 Qa6 21. Qb3 Bf8 22. a5 Bg4 23. Rc1 Qxa5 24. Rb1 Qa6 25. e4 Be6 26. Bf1 Qa3 27. Qxa3 Bxa3 28. exd5 cxd5 29. Bd4 h6 30. Kg2 Bd6 31. Bb6 Rd7 32. Ba6 Rxb7 33. Bxb7 Rc2 34. Rb5 Rd2 35. Kf1 Be5 36. Be3 Rb2 37. Rxb2 Bxb2 38. Ba6 Kf8 39. Bc5+ Ke8 40. Ke2 Bg4+ 41. Ke3 Kd7 42. Bb7 Be6 43. h4 Kc7 44. Ba8 Kd7 45. Bb7 f6 46. Kd3 Ke8 47. Bd4 Ba3 48. Be3 Bb2 49. Bd4 Bf5+ 50. Ke3 Bc1+ 51. Ke2 Be6 52. Kd3 Kf7 53. Bc3 Ba3 54. Kd4 Bd6 55. Be1 Be5+ 56. Kc5 g5 57. Bxd5 gxh4 58. gxh4 f5 59. Bd2 h5 60. Bg5 Bb8 61. f4 1/2-1/2

[Event "Pardubice Czech op-A 29th"]
[Site "Pardubice"]
[Date "2018.07.26"]
[Round "7"]
[White "Muhsen, Abdulla Mohmmed"]
[Black "Eliseev, Evgeniy1111"]
[Result "0-1"]
[WhiteElo "2222"]
[BlackElo "2379"]
[PlyCount "148"]
[EventDate "2018.07.20"]
[EventType "swiss"]
[EventRounds "9"]
[EventCountry "CZE"]
[SourceTitle "CBM 185 Extra"]
[Source "ChessBase"]
[SourceDate "2018.07.29"]
[SourceVersion "1"]
[SourceVersionDate "2018.07.29"]
[SourceQuality "1"]

1. d4 d5 2. Nf3 Nf6 3. c4 e6 4. Nc3 Bb4 5. cxd5 exd5 6. Bg5 Qd6 7. Bxf6 Qxf6 8. Qa4+ Nc6 9. Ne5 0-0 10. Nxc6 Bxc3+ 11. bxc3 Bd7 12. e3 Bxc6 13. Bb5 Be8 14. Bxe8 Rfxe8 15. 0-0 Qe6 16. c4 dxc4 17. Rfc1 c6 18. Qxc4 Qe4 19. Rab1 Re7 20. a4 Rd8 21. Qc2 Qxc2 22. Rxc2 Rd5 23. g3 Kf8 24. Rcb2 b6 25. Rc1 Re6 26. Rbc2 Ra5 27. Rc4 g5 28. h3 Ke7 29. R1c3 Kd7 30. Kf1 f5 31. g4 Rf6 32. Kg2 Kc7 33. f3 Kb7 34. gxf5 Raxf5 35. e4 Rf4 36. a5 h5 37. axb6 axb6 38. d5 c5 39. Kg3 Rd6 40. Rb3 Rxd5 41. Rc2 Re5 42. Rd2 h4+ 43. Kg2 c4 44. Ra3 Rf7 45. Rda2 Kc6 46. Ra8 Rc5 47. Kf2 c3 48. Ra1 c2 49. Rc1 Rc3 50. Ke2 Kb7 51. Rg8 Rc5 52. Rd8 b5 53. Kd2 Rxf3 54. e5 Rxe5 55. Rxc2 Rf2+ 56. Kd3 Rxc2 57. Kxc2 Kc6 58. Rc8+ Kd7 59. Rf8 Rd5 60. Rf6 Ke7 61. Rb6 Kf7 62. Kc3 Kg7 63. Re6 Rf5 64. Kd4 Rf3 65. Re5 Kg6 66. Rxb5 Rxh3 67. Ke4 Kh5 68. Rb8 Kg4 69. Ke5 Rf3 70. Ke4 Kg3 71. Rb1 Rf4+ 72. Ke3 h3 73. Rg1+ Kh4 74. Rh1 Rf8 0-1

[Event "SCO-ch 125th"]
[Site "Paisley"]
[Date "2018.07.11"]
[Round "5"]
[White "Fitzsimons, David"]
[Black "Muhsen, Abdulla Mohmmed"]
[Result "1-0"]
[WhiteElo "2328"]
[BlackElo "2222"]
[PlyCount "61"]
[EventDate "2018.07.07"]
[EventType "swiss"]
[EventRounds "9"]
[EventCountry "SCO"]
[SourceTitle "CBM 185 Extra"]
[Source "ChessBase"]
[SourceDate "2018.07.29"]
[SourceVersion "1"]
[SourceVersionDate "2018.07.29"]
[SourceQuality "1"]

1. e4 c6 2. d4 g6 3. f4 d6 4. Nf3 Bg7 5. c3 Nf6 6. Bd3 0-0 7. 0-0 b6 8. e5 Ne8 9. Qe2 f6 10. Be3 Bg4 11. Nbd2 Nd7 12. h3 Bxf3 13. Nxf3 Nc7 14. e6 Nb8 15. f5 g5 16. h4 h6 17. hxg5 fxg5 18. Nxg5 hxg5 19. Bxg5 Qe8 20. Qg4 Rf6 21. Rf3 Nd7 22. Rg3 Qf8 23. Qh4 Nd5 24. Rh3 Rh6 25. Bxh6 Bxh6 26. exd7 Bg7 27. Qh7+ Kf7 28. Qg6+ Kg8 29. f6 Nxf6 30. Rf1 Qf7 31. Rh8+ 1-0

[Event "SCO-ch 125th"]
[Site "Paisley"]
[Date "2018.07.08"]
[Round "2"]
[White "Muhsen, Abdulla Mohmmed"]
[Black "McQuillan, Stephen G"]
[Result "1/2-1/2"]
[WhiteElo "2222"]
[BlackElo "1958"]
[PlyCount "71"]
[EventDate "2018.07.07"]
[EventType "swiss"]
[EventRounds "9"]
[EventCountry "SCO"]
[SourceTitle "CBM 185 Extra"]
[Source "ChessBase"]
[SourceDate "2018.07.29"]
[SourceVersion "1"]
[SourceVersionDate "2018.07.29"]
[SourceQuality "1"]

1. d4 f5 2. c4 Nf6 3. g3 d6 4. Bg2 e5 5. dxe5 dxe5 6. Qxd8+ Kxd8 7. Bg5 h6 8. Bxf6+ gxf6 9. Nc3 c6 10. 0-0-0+ Kc7 11. e3 Be6 12. b3 Ba3+ 13. Kb1 Nd7 14. Kc2 a5 15. Nf3 f4 16. gxf4 Rhg8 17. Rdg1 Bc5 18. fxe5 fxe5 19. Nd2 Raf8 20. Nde4 Bf5 21. Kd2 Bb4 22. Ke2 a4 23. f3 axb3 24. axb3 Ra8 25. Bf1 Bxe4 26. Rxg8 Bxf3+ 27. Kxf3 Rxg8 28. Ne4 Nc5 29. Nxc5 Bxc5 30. Bd3 Rf8+ 31. Ke2 e4 32. Bxe4 Re8 33. Kd3 Rd8+ 34. Ke2 Re8 35. Kd3 Rd8+ 36. Ke2 1/2-1/2

[Event "NOR-chT 1718"]
[Site "Norway"]
[Date "2018.03.03"]
[Round "8.3"]
[White "Muhsen, Abdulla Mohmmed"]
[Black "Christenson, Flemming"]
[Result "1-0"]
[WhiteElo "2197"]
[BlackElo "2209"]
[PlyCount "113"]
[EventDate "2017.11.03"]
[EventType "team-tourn"]
[EventRounds "9"]
[EventCountry "NOR"]
[SourceTitle "EXT 2019"]
[Source "ChessBase"]
[SourceDate "2018.10.10"]
[SourceVersion "1"]
[SourceVersionDate "2018.10.10"]
[SourceQuality "1"]
[WhiteTeam "Bergens"]
[BlackTeam "Nordstrand"]
[WhiteTeamCountry "NOR"]
[BlackTeamCountry "NOR"]

1. d4 e6 2. Nf3 f5 3. e3 Nf6 4. Bd3 d5 5. b3 Bd6 6. Ba3 0-0 7. 0-0 Qe7 8. Qc1 b6 9. c4 c5 10. Nc3 Ba6 11. Rd1 dxc4 12. Bxc4 Bxc4 13. bxc4 a6 14. Na4 Nbd7 15. dxc5 bxc5 16. Qc2 Ne4 17. Bb2 Rac8 18. Rd3 Ndf6 19. Nc3 Ng4 20. Rf1 Qc7 21. h3 Ngf6 22. Rfd1 Rcd8 23. Ne2 g5 24. Nd2 Bh2+ 25. Kf1 Rxd3 26. Qxd3 Be5 27. Nxe4 Nxe4 28. Ba3 Bf6 29. f3 Rd8 30. Qc2 Rxd1+ 31. Qxd1 Nd6 32. Qb3 Nf7 33. Qa4 Qd6 34. f4 Kg7 35. Qa5 gxf4 36. Nxf4 Qd1+ 37. Qe1 Qd6 38. Bxc5 Qc6 39. Qb4 Qe4 40. Nh5+ Kg6 41. Nf4+ Kg7 42. Kg1 Bg5 43. Qb2+ e5 44. Ne6+ Kg6 45. Qb6 Kh5 46. Kh2 Bh6 47. Qa7 Kg6 48. Qxa6 Bxe3 49. Be7 Bg1+ 50. Kxg1 Qe3+ 51. Kh2 Nh6 52. Nf4+ Kf7 53. Qf6+ Ke8 54. Qf8+ Kd7 55. Qd8+ Kc6 56. Qd5+ Kb6 57. Qb5+ 1-0

[Event "NOR-chT 1718"]
[Site "Norway"]
[Date "2017.11.04"]
[Round "2.1"]
[White "Muhsen, Abdulla Mohmmed"]
[Black "Kakousatze, Ilias"]
[Result "1-0"]
[WhiteElo "2197"]
[BlackElo "2133"]
[PlyCount "61"]
[EventDate "2017.11.03"]
[EventType "team-tourn"]
[EventRounds "9"]
[EventCountry "NOR"]
[SourceTitle "CBM 181 Extra"]
[Source "ChessBase"]
[SourceDate "2017.12.12"]
[SourceVersion "1"]
[SourceVersionDate "2017.12.12"]
[SourceQuality "1"]
[WhiteTeam "Bergens"]
[BlackTeam "Stavanger"]
[WhiteTeamCountry "NOR"]
[BlackTeamCountry "NOR"]

1. d4 Nf6 2. c4 c5 3. d5 b5 4. cxb5 a6 5. b6 d6 6. Nc3 Nbd7 7. e4 g6 8. f4 Bg7 9. Nf3 0-0 10. Be2 Qxb6 11. 0-0 c4+ 12. Kh1 Ng4 13. Qe1 Ne3 14. Bxe3 Qxe3 15. Qc1 Qxc1 16. Raxc1 Rb8 17. Rc2 Nc5 18. Nd2 Nd3 19. Nxc4 Nxb2 20. Rb1 Bxc3 21. Rxc3 Bg4 22. Bxg4 Nxc4 23. Re1 Rb4 24. a3 Ra4 25. Bd7 Nb6 26. Bxa4 Nxa4 27. Rc7 e6 28. e5 exd5 29. exd6 Rd8 30. d7 Nb6 31. Re8+ 1-0

[Event "NOR-chT 1617"]
[Site "Norway"]
[Date "2017.03.05"]
[Round "9.1"]
[White "Muhsen, Abdulla Mohmmed"]
[Black "Chavannes, Ivar"]
[Result "1-0"]
[WhiteElo "2194"]
[BlackElo "2159"]
[PlyCount "185"]
[EventDate "2016.10.28"]
[EventType "team-tourn"]
[EventRounds "9"]
[EventCountry "NOR"]
[SourceTitle "EXT 2018"]
[Source "ChessBase"]
[SourceDate "2017.10.13"]
[SourceVersion "1"]
[SourceVersionDate "2017.10.13"]
[SourceQuality "1"]
[WhiteTeam "Bergens"]
[BlackTeam "Nordstrand"]
[WhiteTeamCountry "NOR"]
[BlackTeamCountry "NOR"]

1. d4 Nf6 2. c4 e6 3. Nc3 Bb4 4. f3 c5 5. a3 Bxc3+ 6. bxc3 d6 7. Nh3 e5 8. g4 Nc6 9. e3 h5 10. Nf2 hxg4 11. fxg4 Rh4 12. Be2 Nh7 13. Rb1 Ng5 14. dxc5 dxc5 15. Qd5 Qe7 16. e4 Be6 17. Qd3 Nh7 18. g5 Nxg5 19. Rg1 f6 20. Qg3 Rh7 21. Bxg5 fxg5 22. Qxg5 Qxg5 23. Rxg5 0-0-0 24. h3 b6 25. Rg6 Rd6 26. Rg5 Bd7 27. Bf1 g6 28. Rb2 Rh4 29. Rd2 Rf6 30. Bg2 Be6 31. Nd3 Bxc4 32. Rf2 Re6 33. Nb2 Ba6 34. Nd1 Bd3 35. Rg4 Rxg4 36. hxg4 Kd8 37. Ne3 Ke8 38. c4 Na5 39. Kd2 Bxc4 40. Kc3 Bb3 41. Nd5 Rd6 42. g5 Ba4 43. Nf6+ Kd8 44. Bf1 Rd4 45. Rh2 Bc6 46. Rh8+ Ke7 47. Rh7+ Ke6 48. Bh3+ Kd6 49. Rxa7 Bb7 50. Ne8+ Kc6 51. Bc8 Rxe4 52. Bxb7+ Nxb7 53. Rxb7 Re3+ 54. Kd2 Rg3 55. Rc7+ Kd5 56. Nf6+ Ke6 57. Rc6+ Kf5 58. Rxb6 Rxa3 59. Nd7 Kxg5 60. Nxe5 Kf5 61. Nxg6 Rg3 62. Ne7+ Ke5 63. Rc6 Rg7 64. Ng6+ Kd5 65. Ra6 Rh7 66. Nf4+ Kd4 67. Ne2+ Kd5 68. Ra4 Rh2 69. Rg4 c4 70. Rg5+ Ke4 71. Rg3 Kd5 72. Re3 Kc5 73. Kc3 Rh5 74. Nf4 Rf5 75. Ne6+ Kd5 76. Nd4 Rf4 77. Nc2 Rh4 78. Rg3 Ke5 79. Rg8 Kd6 80. Rg5 Kc6 81. Nd4+ Kd7 82. Kxc4 Rh6 83. Rg7+ Ke8 84. Kd5 Ra6 85. Ke5 Ra5+ 86. Kf6 Ra1 87. Nc6 Rh1 88. Rc7 Rh6+ 89. Kf5 Rh1 90. Re7+ Kf8 91. Rd7 Ke8 92. Rd2 Rh5+ 93. Kg6 1-0

[Event "NOR-chT 1617"]
[Site "Norway"]
[Date "2017.03.03"]
[Round "7.3"]
[White "Risting, Eivind Olav"]
[Black "Muhsen, Abdulla Mohmmed"]
[Result "1/2-1/2"]
[WhiteElo "2214"]
[BlackElo "2194"]
[PlyCount "63"]
[EventDate "2016.10.28"]
[EventType "team-tourn"]
[EventRounds "9"]
[EventCountry "NOR"]
[SourceTitle "EXT 2018"]
[Source "ChessBase"]
[SourceDate "2017.10.13"]
[SourceVersion "1"]
[SourceVersionDate "2017.10.13"]
[SourceQuality "1"]
[WhiteTeam "Oslo SK 1911"]
[BlackTeam "Bergens"]
[WhiteTeamCountry "NOR"]
[BlackTeamCountry "NOR"]

1. d4 Nf6 2. c4 e6 3. Nc3 d5 4. cxd5 exd5 5. Bg5 Be7 6. Qc2 a6 7. e3 Be6 8. Bd3 h6 9. Bh4 Nbd7 10. Nge2 Rc8 11. 0-0 c5 12. Nf4 0-0 13. Nxe6 fxe6 14. Qd2 b5 15. Ne2 c4 16. Bc2 Nh5 17. Bxe7 Qxe7 18. Rad1 g5 19. f3 Nb8 20. e4 Nc6 21. g3 Qg7 22. Kh1 dxe4 23. fxe4 Nf6 24. h3 Rcd8 25. Qe3 Rf7 26. Bb1 Rfd7 27. e5 Nd5 28. Qe4 Rf7 29. Kg1 Rdf8 30. Nc3 Nce7 31. Nxd5 Nxd5 32. Qe2 1/2-1/2

[Event "Helsingor Xtracon op"]
[Site "Helsingor"]
[Date "2016.07.31"]
[Round "10"]
[White "Muhsen, Abdulla Mohmmed"]
[Black "Schmitt, Carsten1111"]
[Result "1-0"]
[WhiteElo "2227"]
[BlackElo "2008"]
[PlyCount "105"]
[EventDate "2016.07.23"]
[EventType "swiss"]
[EventRounds "10"]
[EventCountry "DEN"]
[SourceTitle "CBM 173 Extra"]
[Source "ChessBase"]
[SourceDate "2016.08.29"]
[SourceVersion "1"]
[SourceVersionDate "2016.08.29"]
[SourceQuality "1"]

1. d4 d5 2. Nf3 e6 3. e3 c5 4. c3 Nf6 5. Bd3 Nc6 6. Nbd2 Be7 7. 0-0 0-0 8. dxc5 Bxc5 9. e4 Qc7 10. exd5 exd5 11. h3 h6 12. Nb3 Bd6 13. Nbd4 a6 14. Be3 Bf4 15. Re1 Bd7 16. Nxc6 bxc6 17. Bd4 Nh7 18. Bc2 Rfe8 19. Rxe8+ Bxe8 20. Qd3 Nf8 21. Re1 c5 22. Be5 Bxe5 23. Qxd5 Bxc3 24. Qxa8 Bxe1 25. Qxe8 Ba5 26. Ne5 g6 27. Bb3 Kg7 28. Bc4 Kf6 29. Nxf7 Qe7 30. Qxe7+ Kxe7 31. Nxh6 Bd2 32. Ng8+ Kd6 33. Nf6 Bc1 34. b3 a5 35. Ne4+ Kc6 36. a4 Bb2 37. f4 Bd4+ 38. Kh2 Kd7 39. Kg3 Ke7 40. Kf3 Nd7 41. g4 Nf6 42. Nxf6 Kxf6 43. g5+ Kg7 44. Kg4 Bf2 45. h4 Be1 46. h5 gxh5+ 47. Kxh5 Bd2 48. f5 Bc3 49. f6+ Kh8 50. Kg6 Bd4 51. Kf7 Bc3 52. Bd3 Bxf6 53. Kxf6 1-0

[Event "Knarrevik Winter 1st"]
[Site "Knarrevik"]
[Date "2015.02.27"]
[Round "1"]
[White "Rasmussen, Jonas H"]
[Black "Muhsen, Abdulla Mohmmed"]
[Result "0-1"]
[WhiteElo "1756"]
[BlackElo "2083"]
[PlyCount "84"]
[EventDate "2015.02.27"]
[EventType "swiss"]
[EventRounds "5"]
[EventCountry "NOR"]
[SourceTitle "EXT 2024"]
[Source "ChessBase"]
[SourceDate "2023.10.10"]
[SourceVersion "1"]
[SourceVersionDate "2023.10.10"]
[SourceQuality "1"]

1. d4 Nf6 2. c4 e6 3. Nf3 Bb4+ 4. Nc3 0-0 5. Bg5 d5 6. e3 c6 7. Bd3 dxc4 8. Bxc4 Nbd7 9. 0-0 h6 10. Bh4 Be7 11. Qc2 b5 12. Be2 a6 13. Nd2 Qb6 14. Nce4 Bb7 15. Nxf6+ Bxf6 16. Bg3 c5 17. dxc5 Nxc5 18. Bf3 Rac8 19. Bxb7 Qxb7 20. Rab1 Rfd8 21. Nf3 Qd5 22. b3 Ne4 23. Qd1 Qc5 24. Qe1 Qa3 25. Qe2 Nc3 26. Qb2 Nxb1 27. Qxb1 Qb2 28. a4 b4 29. Qe4 Qxb3 30. h3 Qxa4 31. Kh2 a5 32. Be5 Qc2 33. Qb7 Bxe5+ 34. Nxe5 Qc7 35. Qe4 f6 36. f4 fxe5 37. fxe5 Rf8 38. Rd1 Qc2 39. Qg4 Qf5 40. Qg3 Rc5 41. Kh1 Qxe5 42. Qg4 Qxe3 0-1

[Event "Bergen Sommer GP"]
[Site "Bergen"]
[Date "2013.08.03"]
[Round "3"]
[White "Skoien, Havard"]
[Black "Muhsen, Abdulla Mohmmed"]
[Result "1/2-1/2"]
[WhiteElo "2005"]
[BlackElo "2078"]
[PlyCount "55"]
[EventDate "2013.08.02"]
[EventType "swiss"]
[EventRounds "5"]
[EventCountry "NOR"]
[SourceTitle "EXT 2024"]
[Source "ChessBase"]
[SourceDate "2023.10.10"]
[SourceVersion "1"]
[SourceVersionDate "2023.10.10"]
[SourceQuality "1"]

1. e4 c6 2. d4 d5 3. exd5 cxd5 4. c4 Nf6 5. Nc3 Nc6 6. Bg5 dxc4 7. d5 Ne5 8. Bxc4 Nxc4 9. Qa4+ Bd7 10. Qxc4 Qb6 11. Nge2 Rc8 12. Qd3 g6 13. Be3 Qc7 14. 0-0 Bg7 15. Rac1 Ng4 16. d6 Qxd6 17. Qxd6 exd6 18. Bxa7 Bc6 19. Bd4 0-0 20. Bxg7 Kxg7 21. Rfd1 Rfd8 22. Rd4 Nf6 23. Rcd1 Ne8 24. f3 Rd7 25. Kf2 Rcd8 26. Ne4 f5 27. Nd2 d5 28. Nb3 1/2-1/2

[Event "Bergen Sommer GP"]
[Site "Bergen"]
[Date "2013.08.02"]
[Round "1"]
[White "Barane, Simon"]
[Black "Muhsen, Abdulla Mohmmed"]
[Result "0-1"]
[WhiteElo "1837"]
[BlackElo "2078"]
[PlyCount "54"]
[EventDate "2013.08.02"]
[EventType "swiss"]
[EventRounds "5"]
[EventCountry "NOR"]
[SourceTitle "EXT 2024"]
[Source "ChessBase"]
[SourceDate "2023.10.10"]
[SourceVersion "1"]
[SourceVersionDate "2023.10.10"]
[SourceQuality "1"]

1. e4 c6 2. d4 d5 3. Nc3 dxe4 4. Bc4 e6 5. f3 Bb4 6. Be3 Nf6 7. a3 Bxc3+ 8. bxc3 Nd5 9. Qd2 Nd7 10. fxe4 Qh4+ 11. Qf2 Nxe3 12. g3 Qh6 13. Bd3 0-0 14. h3 f5 15. Ke2 fxe4 16. Qxe3 exd3+ 17. Qxd3 e5 18. d5 e4 19. Qd4 Qh5+ 20. Ke1 Qxd5 21. Qe3 Ne5 22. Rd1 Qc4 23. Rd4 Qf1+ 24. Kd2 Qg2+ 25. Kc1 Qxh1 26. Rxe4 Nf3 27. Kb2 Qxg1 0-1

[Event "Pardubice Czech op-A 24th"]
[Site "Pardubice"]
[Date "2013.07.21"]
[Round "3"]
[White "Akkozov, Berik"]
[Black "Muhsen, Abdulla Mohmmed"]
[Result "1-0"]
[WhiteElo "2377"]
[BlackElo "2203"]
[PlyCount "59"]
[EventDate "2013.07.19"]
[EventType "swiss"]
[EventRounds "9"]
[EventCountry "CZE"]
[SourceTitle "CBM 155 Extra"]
[Source "ChessBase"]
[SourceDate "2013.08.26"]
[SourceVersion "1"]
[SourceVersionDate "2013.08.26"]
[SourceQuality "1"]

1. Nf3 f5 2. g3 Nf6 3. Bg2 e6 4. 0-0 d5 5. c4 c6 6. d3 Bd6 7. Nc3 0-0 8. e4 dxe4 9. dxe4 Bc7 10. Qc2 Na6 11. e5 Nd7 12. Bf4 Nb4 13. Qe2 a5 14. a3 Na6 15. b4 Rb8 16. Nd4 Qe7 17. b5 cxb5 18. Nxe6 b4 19. Nb5 Ndc5 20. Nexc7 g5 21. Nd5 Qg7 22. axb4 axb4 23. Nf6+ Kh8 24. Be3 Be6 25. f4 gxf4 26. Rxf4 b3 27. Rh4 Rxf6 28. exf6 Qf7 29. Nd6 Qd7 30. f7 1-0

[Event "Pardubice op-J"]
[Site "Pardubice"]
[Date "2013.07.17"]
[Round "7"]
[White "Muhsen, Abdulla Mohmmed"]
[Black "Smirnova, Anastasia"]
[Result "1-0"]
[WhiteElo "2203"]
[BlackElo "2107"]
[PlyCount "67"]
[EventDate "2013.07.12"]
[EventType "swiss"]
[EventRounds "9"]
[EventCountry "CZE"]
[SourceTitle "EXT 2014"]
[Source "ChessBase"]
[SourceDate "2013.11.20"]
[SourceVersion "1"]
[SourceVersionDate "2013.11.20"]
[SourceQuality "1"]

1. d4 Nf6 2. Nf3 e6 3. e3 b6 4. Bd3 Bb7 5. 0-0 Be7 6. Nbd2 d6 7. e4 c5 8. c3 Nc6 9. Re1 0-0 10. Nf1 cxd4 11. cxd4 Nd7 12. Ng3 Bf6 13. Be3 g6 14. Qd2 Rc8 15. Rac1 a6 16. h4 e5 17. d5 Nd4 18. h5 Nxf3+ 19. gxf3 Bh4 20. Bh6 Rxc1 21. Rxc1 Re8 22. Kg2 f5 23. exf5 g5 24. Ne4 Nc5 25. f6 Nxe4 26. Bxe4 Qxf6 27. Rc7 Re7 28. Qc2 Rxc7 29. Qxc7 Qxh6 30. Qb8+ Kg7 31. Qxb7+ Kg8 32. Bf5 Qxh5 33. Qe7 Qh6 34. Be6+ 1-0

[Event "Pardubice op-J"]
[Site "Pardubice"]
[Date "2013.07.16"]
[Round "6"]
[White "Grishchenko, Sergey"]
[Black "Muhsen, Abdulla Mohmmed"]
[Result "1-0"]
[WhiteElo "2467"]
[BlackElo "2203"]
[PlyCount "133"]
[EventDate "2013.07.12"]
[EventType "swiss"]
[EventRounds "9"]
[EventCountry "CZE"]
[SourceTitle "EXT 2014"]
[Source "ChessBase"]
[SourceDate "2013.11.20"]
[SourceVersion "1"]
[SourceVersionDate "2013.11.20"]
[SourceQuality "1"]

1. e4 c6 2. d4 g6 3. Nc3 Bg7 4. Nf3 d6 5. Be3 Nf6 6. h3 b5 7. Bd3 Nbd7 8. Qd2 0-0 9. 0-0 a6 10. Ne2 c5 11. c3 Rb8 12. Ng3 Qc7 13. Rac1 Bb7 14. Nh2 h5 15. h4 e5 16. f4 exf4 17. Bxf4 Rbe8 18. Rfe1 Qb6 19. Bb1 c4 20. Kf1 Re7 21. Re2 Rfe8 22. Rce1 Nf8 23. e5 dxe5 24. Rxe5 Nd5 25. Rxe7 Rxe7 26. Rxe7 Nxe7 27. Nf3 Nd5 28. Bh6 Qe6 29. Ne4 Qg4 30. Bxg7 Kxg7 31. Nd6 Ba8 32. Nxf7 Nf4 33. N7e5 Qg3 34. Qf2 Qxf2+ 35. Kxf2 Kf6 36. g3 N4e6 37. Ke3 Bb7 38. Nd2 Bc8 39. Ne4+ Ke7 40. d5 Ng7 41. Kd4 Nf5+ 42. Kc5 Nd7+ 43. Nxd7 Bxd7 44. Kb6 Ne3 45. d6+ Kd8 46. Kxa6 Nd1 47. Nf6 b4 48. Nxd7 Kxd7 49. cxb4 Nxb2 50. b5 Nd3 51. b6 Kc6 52. Bxd3 cxd3 53. b7 d2 54. b8Q d1Q 55. Qc7+ Kd5 56. d7 Qf1+ 57. Kb7 Qb1+ 58. Kc8 Qxa2 59. d8Q+ Ke4 60. Qb7+ Ke3 61. Qg5+ Kf2 62. Qb6+ Kg2 63. Qgxg6 Kh2 64. g4 hxg4 65. Qxg4 Qa8+ 66. Kc7 Kh1 67. Qbg1# 1-0